000 01183nam a22003371c 4500
001 a987695698
003 RU-10907106
005 20220813174136.0
008 201218s2020 gw |||| 000u ger d
020 _a9783525564851
_a978-3-666-56485-7
_9978-3-525-56485-1
040 _cRU-10907106
041 _ager
100 1 _aBerger, Joachim
_98881
245 0 0 _aMit Gott, für Vaterland und Menschheit? :
_beine europäische Geschichte des freimaurerischen Internationalismus (1845-1935) /
_cvon Joachim Berger
264 _aGöttingen :
_bVandenhoeck & Ruprecht,
_c2020
300 _a1 Online-Ressource (648 Seiten)
336 _aText
_btxt
_2rdacontent
337 _aComputermedien
_bc
_2rdamedia
338 _aOnline-Ressource
_bcr
_2rdacarrier
490 0 _aVeröffentlichungen des Instituts für Europäische Geschichte Mainz
_v259
500 _aE-Book / Open Access
650 0 _aFreimaurerei
_98882
650 0 _aInternationalismus
_98883
651 0 _aDeutschland
651 0 _aGroßbritannien
651 0 _aFrankreich
651 0 _aItalien
655 _aOpen Access
_94217
856 4 _uhttps://doi.org/10.13109/9783666564857
_zfrei zugänglich
942 _cEB
_2z
999 _c32237
_d32237